Bibliografía de Villena y su partido judicial / (Record no. 171721)

MARC details
000 -LEADER
campo de control de longitud fija 00683nam a22001815i 4500
001 - NÚMERO DE CONTROL
campo de control 171721
003 - IDENTIFICADOR DE NÚMERO DE CONTROL
campo de control ES-MaACL
005 - FECHA Y HORA DE LA ÚLTIMA TRANSACCIÓN
campo de control 20230906214717.0
008 - DATOS DE LONGITUD FIJA--INFORMACIÓN GENERAL
campo de control de longitud fija 090527s1958 sp |||| | spa d
080 ## - NÚMERO DE LA CLASIFICACIÓN DECIMAL UNIVERSAL
Número de la Clasificación Decimal Universal 016(467.33 Villena)
100 1# - ENTRADA PRINCIPAL--NOMBRE DE PERSONA
Nombre de persona Soler García, José María.
9 (RLIN) 107176
245 10 - MENCIÓN DEL TÍTULO
Título Bibliografía de Villena y su partido judicial /
Mención de responsabilidad, etc. José María Soler García.
260 ## - PUBLICACIÓN, DISTRIBUCIÓN, ETC.
Lugar de publicación, distribución, etc. Alicante :
Nombre del editor, distribuidor, etc. Comisión Provincial de Monumentos Históricos y Artísticos,
Fecha de publicación, distribución, etc. 1958.
300 ## - DESCRIPCIÓN FÍSICA
Extensión 229 p. ;
Dimensiones 21 cm.
651 #4 - PUNTO DE ACCESO ADICIONAL DE MATERIA--NOMBRE GEOGRÁFICO
Nombre geográfico Villena-
Subdivisión de forma Bibliografías.
9 (RLIN) 140361
710 2# - ENTRADA AGREGADA--NOMBRE DE ENTIDAD CORPORATIVA
Nombre de entidad corporativa o nombre de jurisdicción como elemento de entrada Comisión Provincial de Monumentos Históricos y Artísticos (Alicante)
9 (RLIN) 3061
852 ## - LOCALIZACIÓN
Ubicación ES-MaACL
Número de control de estantería C-14712
itemnumber R.42672
Holdings
Estatus retirado Estado de pérdida Estado de daño No para préstamo Biblioteca de origen Biblioteca actual Ubicación en estantería Fecha de adquisición Fuente de adquisición Total de préstamos Signatura topográfica completa Código de barras Visto por última vez Precio de reemplazo Tipo de ítem Koha
        Biblioteca del Ateneo de Madrid Biblioteca del Ateneo de Madrid Ficheros 27/05/2009     C-14712 1180206 23/02/2023 23/02/2023 Libro impreso